000 01395nam a22003374a 4500
001 ebr10186849
003 CaPaEBR
006 m u
007 cr cn|||||||||
008 070418s2007 ne a sb 011 0 eng
010 _z 2007927107
020 _z9781586037482
040 _aCaPaEBR
_cCaPaEBR
035 _a(OCoLC)290589194
050 1 4 _aT57.95
_b.A3875 2007eb
082 0 4 _a658.4/03
_222
245 0 0 _aAdvances in multiple criteria decision making and human systems management
_h[electronic resource] :
_bknowledge and wisdom : in honor of Professor Milan Zeleny /
_cedited by Yong Shi, David L. Olson, and Antonie Stam.
260 _aAmsterdam ;
_aWashington, DC :
_bIOS Press,
_cc2007.
300 _axiv, 405 p. :
_bill.
504 _aIncludes bibliographical references and index.
533 _aElectronic reproduction.
_bPalo Alto, Calif. :
_cebrary,
_d2013.
_nAvailable via World Wide Web.
_nAccess may be limited to ebrary affiliated libraries.
650 0 _aMultiple criteria decision making.
650 0 _aSystem theory.
655 7 _aElectronic books.
_2local
700 1 _aZeleny, Milan,
_d1942-
700 1 _aShi, Yong,
_d1956-
700 1 _aOlson, David Louis.
700 1 _aStam, Antonie.
710 2 _aebrary, Inc.
856 4 0 _uhttp://site.ebrary.com/lib/rucke/Doc?id=10186849
_zAn electronic book accessible through the World Wide Web; click to view
999 _c234594
_d234594